[Event "Magnus Carlsen Invitational 2021"]
[Site "Online"]
[Date "2021.03.10"]
[Round "12.1"]
[White "Giri, Anish"]
[Black "Nepomniachtchi, Ian"]
[Result "0-1"]
[WhiteElo "2731"]
[BlackElo "2778"]
[Annotator "TA"]
[PlyCount "66"]
[EventDate "2021.03.13"]
[EventType "tourn"]
[EventCountry "NET"]
[SourceTitle "playchess.com"]
[Source "ChessBase"]
[SourceQuality "1"]

{[%evp 11,66,25,22,0,27,22,35,23,31,23,17,19,20,0,0,0,0,0,1,0,22,-5,41,24,29,33,23,35,34,0,34,-15,0,-31,0,-30,-31,-85,-88,-78,-92,-66,192,201,195,-337,-335,-304,-281,-529,-517,-29965,-29966,-29966,-29962,-29997,-29998]} 1. e4 c5 2. Nf3 e6 3. d4 cxd4 4. Nxd4 Nc6 5. Nc3 a6 6. Nxc6 bxc6 7. Qd3 {B46: Sicilian: Taimanov: 5 Nc3 a6.} d5 8. Qg3 d4 9. Nb1 {White is slightly better.} h5 10. h4 Nf6 {[#]} 11. e5 $146 ({Predecessor:} 11. Nd2 Ng4 12. Nc4 Bb4+ 13. Kd1 Qf6 14. f3 Ne3+ 15. Bxe3 dxe3 16. e5 Qd8+ 17. Bd3 {1-0 (26) Audi,A (2378)-Pniaczek,M (2211) Chess.com INT 2020}) 11... Ne4 12. Qf4 Bb4+ 13. Nd2 Nxd2 14. Bxd2 Bxd2+ 15. Qxd2 Qd5 16. f4 a5 17. Be2 Ba6 18. Bf3 Qc5 19. O-O-O Rd8 {[%cal Ba8d8,Bd8d7,Bd7d3][%mdl 32]} 20. Kb1 O-O 21. Rhg1 Rd7 22. g4 Rb8 (22... d3 $5 23. cxd3 (23. gxh5 $2 dxc2+ 24. Qxc2 Bd3 $19) 23... Rxd3 $15) 23. Ka1 d3 {Hoping for ...Rdb7.} 24. cxd3 (24. gxh5 $15 dxc2 25. Qxd7) 24... Rxd3 $17 25. Qg2 hxg4 26. Bxg4 a4 $2 {[%mdl 8192]} (26... Rxd1+ $1 $15 {keeps the upper hand.} 27. Rxd1 Bd3) 27. Rxd3 $18 Bxd3 {[#]} 28. Bxe6 $4 {[%mdl 8192] [#]} g6 $19 {( -> ...a3)} 29. f5 {[#] White wants to mate with Qxg6+.} Kf8 $1 {...a3 is the strong threat.} 30. fxg6 $2 ({Wrong is} 30. Bxf7 $2 a3 $19) (30. a3 Qd4 31. Rd1 (31. Bxf7 $2 Be4 $19) 31... fxe6 32. fxe6) 30... fxe6 31. Rd1 {[#]} (31. Rh1 $19 Qxe5 32. Qf3+ Ke7 33. Qf2 Bxg6 34. h5) 31... a3 $1 {Black mates.} 32. Qf3+ Bf5 {[%csl Gb8][%cal Ra3b2]} 33. b3 Qxe5+ {Weighted Error Value: White=0.69/Black=0.23} 0-1

[Event "Magnus Carlsen Invitational 2021"]
[Site "Online"]
[Date "2021.03.10"]
[Round "12.2"]
[White "Karjakin, Sergey"]
[Black "Mamedyarov, Shakhriyar"]
[Result "0-1"]
[WhiteElo "2709"]
[BlackElo "2761"]
[Annotator "TA"]
[PlyCount "56"]
[EventDate "2021.03.13"]
[EventType "tourn"]
[EventCountry "NET"]
[SourceTitle "playchess.com"]
[Source "ChessBase"]
[SourceQuality "1"]

{[%evp 29,56,71,76,-114,-108,-106,-70,-63,-62,-53,-52,-91,-86,-75,-25,-93,-96,-74,-87,-124,-118,-260,-247,-234,-241,-253,-228,-725,-695]} 1. e4 c5 2. Nf3 Nf6 3. e5 Nd5 4. Nc3 e6 5. Nxd5 exd5 6. d4 Nc6 7. dxc5 Bxc5 8. Qxd5 Qb6 9. Bc4 Bxf2+ 10. Ke2 O-O 11. Rf1 Bc5 12. Ng5 Nd4+ 13. Kd1 Ne6 14. Ne4 d6 15. exd6 Rd8 {[%cal Rc5d6]} 16. c3 $2 {B29: Sicilian: 2 Nf3 Nf6 (Nimzowitsch Variation).} ({Don't go for} 16. Nxc5 $2 Rxd6 17. Nd3 Rxd5 $19) (16. Bd3 $16 {Qf5 is the strong threat.} Bxd6 17. Qh5) 16... Bxd6 $17 17. Kc2 {[#]} Bf4 $146 {[%mdl 512]} ({Predecessor:} 17... Bf8 18. Qh5 Qc7 19. Bxe6 Bxe6 20. Ng5 h6 21. Nxe6 fxe6 22. Qg4 Qd7 23. Qe4 Rac8 {1-0 (57) Vasta,E (2400)-Piscicelli,D (2340) Mar del Plata 1994}) 18. Qb5 {Black is slightly better.} Qxb5 19. Bxb5 Bxh2 20. g3 b6 $1 21. Bc4 b5 22. Bxb5 (22. Bd3 $1 $11) 22... Bb7 23. Bd3 {[#]} Rd7 $1 $36 {[%mdl 2048] Strongly threatening ...Rad8. Black has strong initiative.} 24. Re1 Rc8 {Threatens to win with ...Nd4+.} 25. Bf1 {[#] This costs White the game.} (25. Bf4 $17 Nd4+ 26. Kb1) 25... Nd4+ $1 $19 26. Kb1 Nf3 27. Re2 f5 28. Bh3 $2 {[#]} (28. Nd2 Nxd2+ 29. Bxd2 Bxg3 30. Kc2) 28... Ng1 $1 {[%mdl 64] Double Attack.  Weighted Error Value: White=0.77/Black=0.06} 0-1

[Event "Magnus Carlsen Invitational 2021"]
[Site "Online"]
[Date "2021.03.10"]
[Round "12.3"]
[White "Radjabov, Teimour"]
[Black "Grandelius, Nils"]
[Result "1/2-1/2"]
[WhiteElo "2758"]
[BlackElo "2632"]
[Annotator "TA"]
[PlyCount "202"]
[EventDate "2021.03.13"]
[EventType "tourn"]
[EventCountry "NET"]
[SourceTitle "playchess.com"]
[Source "ChessBase"]
[SourceQuality "1"]

{[%evp 10,201,14,21,39,45,22,32,37,16,23,28,31,23,44,44,52,46,47,36,68,51,39,52,64,59,69,-100,-97,-123,25,28,44,39,82,-28,11,14,29,41,34,36,58,0,0,0,0,0,0,0,0,-10,0,-2,0,0,0,-114,-37,-41,-36,-295,0,-257,-216,-256,-21,-82,0,0,0,-430,-444,-419,-402,-391,-173,-196,0,-198,-198,-190,-190,-197,-204,-747,-752,-750,-747,-756,-732,-728,-221,-717,-221,-511,-221,-221,-221,-221,-221,-221,-221,-221,-221,-221,-221,-221,-221,-221,-89,-221,-221,-221,-221,-221,-221,-221,-221,-221,-221,-221,-221,-221,-221,-221,-221,-221,-221,-221,-221,-221,-221,-221,-221,-221,-221,-221,-221,-221,-221,-221,-221,-221,-221,-221,-221,-221,-221,-221,-221,-221,-221,-221,-221,-221,-38,-221,-100,-221,-221,-221,-213,-221,-221,-221,-221,-221,-221,-221,-221,-221,-221,-221,-206,-214,-8,-8,-8,-8,-8,-8,-8,-8,-8,-8,-8,-8,-8,-8,-8,-220,-8,-8]} 1. d4 Nf6 2. c4 g6 3. Nc3 d5 4. cxd5 Nxd5 5. Bg5 Bg7 6. Nf3 O-O {D90: Grünfeld: 4 Nf3 Bg7 sidelines.} 7. e3 {7.Rc1 is the fancy move.} Nxc3 8. bxc3 c5 {White is slightly better.} 9. Bd3 Nc6 10. O-O h6 11. Bh4 {[#]} Be6 $146 {[%cal Rc5d4]} ({Predecessor:} 11... b6 12. Be4 Bb7 13. dxc5 Qc7 14. cxb6 axb6 15. Bg3 Qc8 16. Rb1 Na5 17. Bxb7 Qxb7 {0-1 (41) Van Wely,L (2622)-Gupta,A (2581) chess.com INT 2019}) 12. Rb1 Qd7 13. Qe2 Rac8 14. Rfd1 Rfd8 15. h3 cxd4 16. cxd4 a6 17. a4 Na5 18. e4 $2 (18. Qe1 $14 {keeps the upper hand.} Nc6 19. Be4) 18... Bb3 $17 {White must now prevent ...g5.} 19. Rd2 Qxa4 ({Better is} 19... Bxa4 $17 {Threatens to win with ...Nb3.} 20. d5 Nb3) 20. Bxe7 $11 Re8 21. Bc5 b5 22. Rdb2 (22. Qe1 $16 Rxc5 23. dxc5) 22... Bc4 (22... Rxc5 $5 23. dxc5 Bd1 24. Rxd1 Bxb2 $11) 23. e5 Bxd3 24. Qxd3 Qc4 25. Qa3 Nb7 {[%cal Rb7c5]} 26. Bb6 (26. Bb4 $14) 26... Ra8 27. Qa2 Qc6 28. Ba5 Nxa5 29. Qxa5 Bf8 30. Ra2 Qd5 31. Rba1 Rec8 32. Qd2 b4 {[%cal Bb5b4,Bb4b3,Bb3b2][%mdl 32]} 33. Ra5 (33. Rxa6 $11 Rxa6 34. Rxa6) 33... Qe4 (33... Qc4 $1 $17 34. d5 b3) 34. Re1 $15 Qc2 35. Qf4 $2 {[%mdl 8192]} (35. Ra2 $15 Qxd2 36. Nxd2) 35... Qf5 $2 (35... b3 $19 {Strongly threatening ...b2.} 36. Raa1 g5) 36. Qd2 $2 {[%mdl 8192]} (36. Qxf5 $11 gxf5 37. Rb1) 36... b3 $19 37. e6 Qf6 (37... Qc2 $1 $19 {[%cal Rc2d2]} 38. exf7+ Kg7) 38. exf7+ (38. Raa1 $11 {keeps the balance.}) 38... Kg7 (38... Kh7 $17 {...Rab8 is the strong threat.} 39. Rf1 Qxf7) 39. Rb1 $11 Rab8 40. Qd3 $2 {[%mdl 8192]} (40. Qe3 $11 {and White is okay.}) 40... b2 $1 $19 41. Re5 Rc1+ 42. Re1 Rxe1+ (42... Rxb1 $142 43. Rxb1 Qf5) 43. Nxe1 Rb5 $2 ({Not} 43... Kxf7 44. Qc4+ Ke8 45. Nd3 $16) (43... Qxf7 44. Qxa6 Qc7 45. Qe2 $15) (43... Qf5 $19 44. Qd1 a5) 44. Qe2 $2 (44. Qc3 $1 $11) 44... Qxd4 45. Nd3 {[%cal Rb1b2]} a5 $1 {[%cal Ba6a5,Ba5a4,Ba4a3][%mdl 32]} ({Less strong is} 45... Kxf7 46. Rxb2 Rxb2 47. Nxb2 $11) 46. g3 {[%cal Rb1b2] [#]} a4 $1 {[%cal Ra4a3] Hoping for ...a3.} ({But not} 46... Kxf7 47. Rxb2 Rxb2 48. Nxb2 $17) 47. Nf4 $2 {[#]} (47. Rxb2 Rxb2 48. Nxb2) 47... Rb6 $1 48. Ne6+ {[#]} Rxe6 $1 {[%mdl 512]} 49. Qxe6 {[%mdl 4096] Endgame KQR-KQB} a3 50. Qb3 Qa7 $2 (50... Qb4 51. Qa2 Qc3) 51. h4 $2 (51. Rxb2 axb2 52. Qxb2+ Kxf7 53. h4) 51... Qxf7 $2 (51... Qc5 {And now ...Qc1+ would win.} 52. Rd1 Qb4) 52. Qc3+ (52. Rxb2 {was the only chance.} axb2 53. Qxb2+ Kh7 54. Qb5) 52... Kh7 (52... Qf6 $142 53. Qc4 h5) 53. Rxb2 axb2 54. Qxb2 Bg7 55. Qe2 Qf5 56. Kg2 Qd5+ 57. Kh2 Bf6 58. Qc2 Kg7 59. Kg1 Bd4 (59... Qe5 $19 {has better winning chances.} 60. Qc6 Qe1+ 61. Kg2 Qe7) 60. Qe2 (60. h5 $17) 60... Qe5 61. Qf3 Qf5 62. Qe2 Kf6 63. Kg2 Qd5+ 64. Kg1 Be5 65. Qa6+ Qe6 66. Qd3 Qd6 67. Qf3+ Kg7 68. Kg2 Bf6 69. Qb7+ Be7 70. Qe4 Qf6 71. Qb7 Kf7 72. Qd5+ Qe6 73. Qf3+ Qf5 74. Qb3+ Kg7 75. Qb7 Qe5 76. Qf3 Bc5 77. Qb7+ Qe7 78. Qd5 Bb6 79. Qc6 Qc7 80. Qd5 Qf7 81. Qd2 Qb7+ 82. Kg1 Kh7 $2 (82... h5 $19 83. Qd6 Kh7) 83. Qe2 $2 (83. h5 $1 $15) 83... Bd4 (83... h5 $19 {and Black stays clearly on top.} 84. Qe8 Bd4) 84. Qd3 (84. h5 $17 {was forced.}) 84... Qd5 {( -> ...Bxf2+!)} 85. Qe2 Kg7 86. Qe7+ Qf7 87. Qe2 h5 88. Kg2 Qd5+ 89. Kg1 Kf6 90. Qd2 Qe4 91. Kh2 Ke5 92. Qa5+ Qd5 $2 (92... Ke6 $19 {aiming for ...Qe2!} 93. Qd8 Kf7 94. Qc7+ Kg8 95. Qc8+ Kh7) 93. Qxd5+ $11 Kxd5 {KB-K3P} 94. g4 Ke4 (94... hxg4 $5 95. Kg3 $8 Bg7 96. Kxg4 Bh6 $11) 95. gxh5 gxh5 {KB-KPP} 96. f3+ Kf4 97. Kg2 Be3 98. Kh1 Kxf3 99. Kh2 Kg4 100. Kg2 $2 (100. Kh1 $11 {and White stays safe.}) 100... Kxh4 $2 ({Black should try} 100... Bd4 $19 101. Kh2 Kxh4) 101. Kh1 Kg3 {And White is the lucky defender.  Weighted Error Value: White=0.76/Black=0.47} 1/2-1/2

[Event "Magnus Carlsen Invitational 2021"]
[Site "Online"]
[Date "2021.03.10"]
[Round "12.5"]
[White "So, Wesley"]
[Black "Carlsen, Magnus"]
[Result "1/2-1/2"]
[WhiteElo "2741"]
[BlackElo "2881"]
[Annotator "TA"]
[PlyCount "86"]
[EventDate "2021.03.13"]
[EventType "tourn"]
[EventCountry "NET"]
[SourceTitle "playchess.com"]
[Source "ChessBase"]
[SourceQuality "1"]

{[%evp 9,86,30,52,8,16,11,12,14,2,4,14,14,10,3,8,0,0,0,0,0,0,0,0,0,0,0,0,0,0,0,0,0,22,17,18,16,8,7,12,13,14,0,0,0,0,0,0,0,0,0,0,0,0,0,0,0,0,0,0,0,0,0,0,0,0,0,0,0,0,0,0,0,0,0,0,0,0,0,0]} 1. d4 d5 2. c4 c6 3. cxd5 cxd5 4. Bf4 Nc6 (4... Nf6 5. Nc3 Nc6 6. Nf3 a6 7. Rc1 Bf5 8. e3 Rc8 9. Be2 e6 10. O-O Nd7 11. Na4 Be7 12. h3 O-O 13. a3 Na5 14. Nc5 Nc4 15. b4 Nxc5 16. dxc5 Nxa3 17. Nd4 {1-0 (44) So,W (2778)-Carlsen,M (2843) Stavanger 2018 CBM 185 [So,Wesley]}) 5. e3 Bf5 6. Nc3 {D10: Slav Defence: 3 cxd5 (without early Nf3) and 3 Nc3.} e6 {The position is equal.} 7. Nf3 Bd6 8. Bxd6 Qxd6 9. Nh4 Bg6 10. Bb5 Nf6 {[#]} 11. Bxc6+ $146 ({Predecessor:} 11. Nxg6 fxg6 12. O-O O-O 13. Rc1 Rf7 14. Bxc6 bxc6 15. Na4 h5 16. h3 Raf8 17. Qc2 {½-½ (69) Ruiz,E-Mendivil,M Cartagena 2000}) 11... Qxc6 12. Rc1 O-O 13. Nxg6 hxg6 14. Qa4 Qd6 15. O-O Rfc8 16. Qb3 Qd7 17. Rc2 Rc6 18. Rfc1 Rac8 19. Ne2 g5 20. h3 Ne4 21. Qa4 f6 22. Rxc6 Rxc6 23. Rxc6 Qxc6 24. Qxc6 bxc6 $11 {[%mdl 4096] Endgame KN-KN} 25. Nc1 Kf7 26. Nd3 Ke7 27. Kf1 Kd6 28. Ke2 e5 29. g4 {[#] Black must now prevent f3.} exd4 30. exd4 {And now f3 would win.} Ke7 31. a4 Nd6 32. b3 Nf7 33. Kd2 Kd6 34. Kc3 Nd8 $1 35. Nc5 Ne6 36. Nxe6 Kxe6 {KP-KP} 37. b4 Kd6 38. Kb3 Kc7 39. Kc3 Kb6 40. Kb3 Ka6 41. Kc3 Kb6 42. Kb3 Ka6 43. Kc3 Kb6 {Not much happened in this game.  Weighted Error Value: White=0.03/Black=0.02} 1/2-1/2

[Event "Magnus Carlsen Invitational 2021"]
[Site "Online"]
[Date "2021.03.10"]
[Round "12.6"]
[White "Aronian, Levon"]
[Black "Firouzja, Alireza"]
[Result "1/2-1/2"]
[WhiteElo "2778"]
[BlackElo "2703"]
[Annotator "TA"]
[PlyCount "87"]
[EventDate "2021.03.13"]
[EventType "tourn"]
[EventCountry "NET"]
[SourceTitle "playchess.com"]
[Source "ChessBase"]
[SourceQuality "1"]

{[%evp 9,87,4,10,8,8,10,10,8,10,6,9,7,8,8,9,0,0,0,10,10,14,10,45,36,42,41,39,41,37,17,20,13,13,18,21,10,33,28,28,35,34,13,18,7,16,10,16,0,0,0,0,0,0,0,0,0,16,14,20,8,8,8,8,0,0,0,0,0,0,0,0,0,0,0,0,0,0,0,0,0]} 1. d4 Nf6 2. Nf3 d5 3. Bf4 c5 4. e3 Nc6 5. Nbd2 Bg4 6. h3 {D02: 1 d4 d5 2 Nf3 sidelines, including 2...Nf6 3 g3 and 2...Nf6 3 Bf4.} Bxf3 7. Nxf3 ({Of course not} 7. gxf3 cxd4 8. exd4 Nxd4 $17) 7... e6 8. Be2 {[#]} Bd6 $146 ({Predecessor:} 8... cxd4 9. exd4 Bd6 10. Bg5 h6 11. Be3 Rb8 12. a4 a6 13. c3 O-O 14. O-O Qc7 {½-½ (35) Michalik,P (2593)-Hracek,Z (2563) Plzen 2020}) 9. dxc5 Bxf4 10. exf4 Qa5+ 11. c3 Qxc5 12. Bd3 O-O 13. O-O Qd6 14. g3 Rfe8 15. Re1 e5 (15... Rac8 {with more complications.} 16. Qe2 Qc7 17. Kg2 Na5 18. Ne5 Nc4) 16. fxe5 Nxe5 17. Nxe5 Rxe5 18. Rxe5 Qxe5 19. Qf3 Re8 20. Rd1 g6 21. Kg2 Kg7 22. Rd2 Qe1 (22... Qg5 {seems wilder.} 23. Rc2 Re1 24. h4 Qe5 25. a3 b6) 23. Qd1 Qxd1 24. Rxd1 $11 {[%mdl 4096] Endgame KRB-KRN} Kf8 25. Kf3 Re6 {The position is equal.} 26. Bc2 Ke7 27. Bb3 Re5 28. g4 h5 29. Rd4 hxg4+ 30. hxg4 b6 31. c4 dxc4 32. Rxc4 Kf8 33. Rc8+ Re8 $1 {[%cal Re8c8]} 34. Rc6 Nd7 {[#] ...Ne5+ is the strong threat.} 35. Rc7 Ne5+ 36. Kg3 {aiming for f4.} Re7 37. Rc8+ Kg7 38. Rd8 g5 39. f4 gxf4+ 40. Kxf4 Ng6+ 41. Kf3 Ne5+ 42. Kf4 Ng6+ 43. Kf3 Ne5+ 44. Kf4 {Weighted Error Value: White=0.04/Black=0.03} 1/2-1/2

[Event "Magnus Carlsen Invitational 2021"]
[Site "Online"]
[Date "2021.03.10"]
[Round "12.7"]
[White "Dubov, Daniil"]
[Black "Vachier-Lagrave, Maxime"]
[Result "1/2-1/2"]
[WhiteElo "2770"]
[BlackElo "2860"]
[Annotator "TA"]
[PlyCount "95"]
[EventDate "2021.03.13"]
[EventType "tourn"]
[EventCountry "NET"]
[SourceTitle "playchess.com"]
[Source "ChessBase"]
[SourceQuality "1"]

{[%evp 23,95,16,16,18,16,15,8,12,9,5,10,8,7,0,3,0,0,0,11,6,12,10,34,14,14,14,14,14,14,14,20,0,48,47,47,50,62,50,53,41,93,82,73,68,80,81,161,161,161,148,148,143,120,98,189,27,62,44,43,0,0,0,0,0,0,0,305,0,0,0,0,0,0,0]} 1. Nf3 d5 2. d4 Nf6 3. c4 e6 4. g3 Be7 5. Bg2 O-O 6. O-O dxc4 7. Qc2 a6 8. a4 Bd7 9. Qxc4 Bc6 10. Bg5 Bd5 11. Qc2 Be4 12. Qc1 h6 13. Bxf6 {E05: Open Catalan: 5 Nf3 Be7.} Bxf6 14. Rd1 a5 15. Nbd2 Bxf3 16. Nxf3 Na6 17. Qc4 c6 18. e4 Nb4 19. h4 {[#]} Qb6 $146 ({Predecessor:} 19... Rc8 20. h5 Qb6 21. Rd2 Rfd8 22. Rad1 Rc7 23. Bh3 Rcd7 {1-0 (51) Lekic,D (2343)-Silva,T (1995) Lisbon 2020}) 20. Rd2 Qa6 21. Qb3 Rad8 22. Rad1 Rfe8 23. Bf1 Qb6 24. Bc4 Qc7 25. Qe3 Nd5 26. Qe2 ({Much weaker is} 26. exd5 exd5 27. Qd3 dxc4 $17) 26... Nb4 27. Kg2 Be7 28. Ne5 Bd6 29. f4 Bxe5 30. dxe5 Rxd2 31. Qxd2 Na6 ({Black should play} 31... Qb6 $14) 32. Qd4 $1 $16 Qe7 33. Bxa6 bxa6 {[%mdl 4096] Endgame [#] KQR-KQR} 34. Qb6 $1 Qb4 (34... g5 $16) 35. Qxb4 $18 ({Stronger than} 35. Qxc6 Qxb2+ 36. Kh3 Rb8 $11) 35... axb4 {KR-KR} 36. Kf3 c5 37. Ke3 Rc8 38. Rc1 h5 {[#]} (38... c4 $16) 39. a5 $2 (39. Kd3 $1 $18) 39... Kf8 $11 40. Kd3 Ke7 41. Kc4 {Hoping for Rd1.} Rb8 $1 42. Kb3 Rb5 43. Ka4 b3 44. Rc3 Rb4+ {[%mdl 64] Double Attack} 45. Ka3 Rb5 $1 {The position is equal.} 46. Ka4 Rb4+ {[%mdl 64] Double Attack} 47. Ka3 Rb5 48. Ka4 {Weighted Error Value: White=0.09/Black=0.09} 1/2-1/2

[Event "Magnus Carlsen Invitational 2021"]
[Site "Online"]
[Date "2021.03.10"]
[Round "12.8"]
[White "Nakamura, Hikaru"]
[Black "Van Foreest, Jorden"]
[Result "1/2-1/2"]
[WhiteElo "2829"]
[BlackElo "2543"]
[Annotator "TA"]
[PlyCount "55"]
[EventDate "2021.03.13"]
[EventType "tourn"]
[EventCountry "NET"]
[SourceTitle "playchess.com"]
[Source "ChessBase"]
[SourceQuality "1"]

{[%evp 9,55,25,25,17,17,10,13,10,16,15,23,-17,14,-18,-18,-15,-14,-14,-14,-18,-14,-18,-12,-18,-17,-23,-22,-22,-18,-16,-21,-22,-12,-14,0,-8,-14,-22,-23,-57,-55,-54,0,0,0,-54,0,-7]} 1. e4 e5 2. Nf3 Nc6 3. Bb5 Nf6 4. d3 Bc5 5. Bxc6 dxc6 6. Nbd2 {C65: Ruy Lopez: Berlin Defence (3...Nf6), unusual lines and 4 0-0 Bc5.} Nd7 7. Nc4 f6 8. O-O Nf8 {[#]} 9. Be3 $146 ({Predecessor:} 9. c3 Ne6 10. b4 Be7 11. Be3 O-O 12. a3 c5 13. Qc2 Kh8 14. Rad1 Qe8 15. bxc5 Nxc5 {0-1 (34) Le,Q (2709)-So,W (2770) chess24.com INT 2020}) 9... Bxe3 10. fxe3 Ng6 11. a4 Be6 12. b3 O-O 13. Qe1 Qe7 14. h3 b6 15. Kh2 a5 16. g4 Qc5 17. d4 Qe7 18. Ncd2 Rad8 19. c3 Bc8 20. Qg3 Ba6 21. Rf2 Qd6 22. h4 exd4 23. exd4 Nf4 24. Ng1 Nd3 25. Rg2 Nf4 (25... h6 $15) 26. Rf2 $11 Nd3 ({Black should play} 26... g5 $11) 27. Rg2 $1 $15 Nf4 28. Rf2 {Weighted Error Value: White=0.05/Black=0.08} 1/2-1/2

[Event "Magnus Carlsen Invitational 2021"]
[Site "Online"]
[Date "2021.03.10"]
[Round "13.1"]
[White "Van Foreest, Jorden"]
[Black "Giri, Anish"]
[Result "1/2-1/2"]
[WhiteElo "2543"]
[BlackElo "2731"]
[Annotator "TA"]
[PlyCount "135"]
[EventDate "2021.03.13"]
[EventType "tourn"]
[EventCountry "NET"]
[SourceTitle "playchess.com"]
[Source "ChessBase"]
[SourceQuality "1"]

{[%evp 14,135,28,21,21,20,20,29,18,18,18,18,18,15,23,16,12,20,20,13,12,14,14,12,17,9,6,2,6,3,7,6,4,4,15,11,28,23,28,29,30,26,33,14,14,14,79,31,118,122,94,96,177,177,177,177,177,177,118,112,177,177,198,44,46,44,44,44,45,45,8,8,8,17,23,8,8,8,8,8,23,8,167,167,167,167,167,167,167,0,8,0,162,93,156,51,52,43,43,43,46,8,8,8,8,8,8,8,8,8,8,8,8,8,8,8,8,8,8,-8,-8,-8,8,8]} 1. d4 d5 2. Nf3 Nf6 3. g3 g6 4. Bg2 Bg7 5. O-O O-O 6. c4 dxc4 7. Na3 c5 8. dxc5 c3 {D77: Fianchetto Grünfeld: 6 0-0: Replies other than 6...c6.} 9. Nb5 Na6 {[%cal Bb8a6,Ba6c5,Bc5e4][%mdl 32]} 10. Nxc3 Nxc5 {White has an edge.} 11. Be3 {Strongly threatening Qxd8.} Nfe4 12. Nxe4 Nxe4 13. Bd4 Bxd4 14. Qxd4 Qxd4 15. Nxd4 Nd6 16. Rac1 Rd8 17. f4 Kf8 18. Kf2 Bg4 19. Rc3 Rac8 20. Rfc1 Rxc3 21. Rxc3 Rc8 22. Rxc8+ Bxc8 $11 {[%mdl 4096] Endgame KBN-KBN} 23. b3 {[#]} f5 $146 ({Predecessor:} 23... e6 24. e4 f6 25. e5 fxe5 26. fxe5 Nf7 27. Nf3 Bd7 28. Ke3 Bc6 29. Kd4 Ke7 {½-½ (36) Meier,G (2621)-Li,C (2699) chess.com INT 2019}) 24. Ke3 Bd7 25. Bd5 Kg7 26. Nf3 Kf6 27. Ne5 Be8 28. a4 e6 29. Bf3 b6 (29... g5 $11) 30. Kd4 (30. Bc6 {with more complications.} Bf7 31. Kd4 Bg8 32. b4 Bf7 33. e3) 30... a5 (30... g5 $14) 31. Bc6 $1 $16 Bxc6 32. Nxc6 {KN-KN} Ne4 (32... Nc8 $16) 33. Ne5 $18 Nd2 34. Nd7+ Ke7 35. Nxb6 Nxb3+ 36. Kc4 Nd2+ (36... Nc1 $16) 37. Kb5 Kd6 38. Kxa5 $2 (38. Nc4+ $1 $18 Nxc4 39. Kxc4) 38... Kc7 39. Kb5 Nf1 $1 40. a5 Nxh2 41. a6 {White wants to mate with a7.} Kb8 42. Nc4 {White threatens Kb6 and mate.} (42. Nd7+ {looks sharper.} Ka7 43. Nf8 Nf1 44. Nxh7 Nxg3 45. Nf8) 42... Ka7 43. Nd6 {Threatening mate with Ka5.} Ng4 44. Nc8+ Ka8 $1 45. Kb6 {Hoping for a7.} Nf6 46. Nd6 Nd5+ 47. Ka5 Nc3 $2 (47... Ka7 $11) 48. Nb5 $1 {[%cal Rb5c3]} Nd5 ({Stronger than} 48... Nxe2 49. Kb6 Kb8 50. a7+ Kc8 51. a8=Q+ Kd7 52. Qb7+ Ke8 53. Nd6+ Kf8 54. Qf7#) 49. Nd4 Nc7 50. Kb6 Nd5+ {[#]} 51. Ka5 $2 (51. Kc6 $1 $18) 51... Nc7 $1 $11 52. Kb6 $2 (52. Nc6 $11) 52... Nd5+ $18 {[#]} 53. Kb5 ({White has to play} 53. Kc6 $1 $18) 53... Nc7+ (53... Ka7 $142) 54. Kc6 (54. Ka5 $16) 54... Nxa6 $14 55. Nxe6 {Nc7+ is the strong threat.} Nb4+ $1 56. Kd6 Na2 57. Nc7+ Kb7 {The position is equal.} 58. Nd5 Nc1 59. Nc3 Kb6 60. e4 fxe4 61. Nxe4 {aiming for g4.} Ne2 62. Ke5 h5 63. Kf6 h4 $1 64. gxh4 Nxf4 65. Kg5 Ng2 66. Kxg6 Nxh4+ 67. Kf6 Nf5 68. Kxf5 {Weighted Error Value: White=0.15/Black=0.15} 1/2-1/2

[Event "Magnus Carlsen Invitational 2021"]
[Site "Online"]
[Date "2021.03.10"]
[Round "13.3"]
[White "Firouzja, Alireza"]
[Black "Dubov, Daniil"]
[Result "1/2-1/2"]
[WhiteElo "2703"]
[BlackElo "2770"]
[Annotator "TA"]
[PlyCount "58"]
[EventDate "2021.03.13"]
[EventType "tourn"]
[EventCountry "NET"]
[SourceTitle "playchess.com"]
[Source "ChessBase"]
[SourceQuality "1"]

{[%evp 17,58,25,26,20,55,22,52,46,58,67,58,3,7,10,11,11,12,12,12,11,11,11,11,11,12,12,12,12,21,21,21,12,21,12,21,12,12,0,21,10,10,0,17]} 1. Nf3 d5 2. g3 g6 3. Bg2 Bg7 4. d4 Nf6 5. O-O O-O 6. c4 c6 7. b3 Bf5 8. Bb2 a5 9. Nc3 Ne4 10. Ne5 {[#] D78: Fianchetto Grünfeld: 6 0-0 c6.} Nd7 $146 ({Predecessor:} 10... Nxc3 11. Bxc3 Be6 12. cxd5 cxd5 13. Rc1 Nc6 14. e3 Bxe5 15. dxe5 Qd7 16. Qd3 d4 17. exd4 Bd5 {1-0 (63) Ding,L (2777)-Andreikin,D (2712) Huaian 2017}) 11. cxd5 Nxe5 12. Nxe4 {White is slightly better.} Bxe4 13. Bxe4 cxd5 {[#]} 14. Bg2 ({White should try} 14. Bxd5 $1 $14 Qxd5 15. dxe5) 14... Nc6 $11 {The position is equal.} 15. e3 Qd7 16. Qe2 Rfd8 17. Rfc1 a4 18. Bc3 axb3 19. axb3 e6 20. Qb5 Bf8 21. Bf1 Be7 22. Ra4 Rac8 23. Ba5 Re8 24. Bd2 h5 25. h4 Bd6 26. Bg2 Rc7 27. Bf1 Rcc8 28. Raa1 Qe7 29. Ra4 Qd7 {Weighted Error Value: White=0.09/Black=0.05} 1/2-1/2